|
|
|
|
| LEADER |
00000nam0a2200000 4500 |
| 001 |
206572 |
| 005 |
20231101225340.0 |
| 010 |
|
|
|a 9780199284993
|
| 035 |
|
|
|a (RuTPU)RU\TPU\book\225196
|
| 090 |
|
|
|a 206572
|
| 100 |
|
|
|a 20120113d2007 k y0engy50 ba
|
| 101 |
0 |
|
|a eng
|
| 102 |
|
|
|a US
|
| 105 |
|
|
|a a z 000zy
|
| 200 |
1 |
|
|a Business Ethics. Managing Corporate Citizenship and Sustainability in the Age of Globalization
|f A. Crane, D. Matten
|
| 205 |
|
|
|a 2nd ed.
|
| 210 |
|
|
|a New York
|c Oxford University Press
|d 2007
|
| 215 |
|
|
|a 565 p.
|c il.
|
| 330 |
|
|
|a The second edition of this award-winning book introduces business ethics concepts, tools and theories, and applies them to the corporation's key stakeholder groups. The subject of business ethics addresses what can be considered morally right and wrong in the way businesses make decisions and conduct their activities. This lively and engaging textbook covers the foundations of business ethics from a European perspective, and considers the implications of three major challenges facing the corporation: corporate citizenship, globalization, and sustainability. Building on the success of the first edition, new content has been added on personal values, Asian perspectives, and ethics in new technology. This new edition is packed with thought-provoking ethical dilemmas, examples, and cases such as Nestle, McDonalds, and BP. It extends its wealth of pedagogical features to include Ethics on Screen - a look at how the issue of ethics has been approached in films such as Supersize Me, The Corporation, and The Insider- and Key Readings. Highly compelling, students will find themselves absorbed in the subject an raring to take part in discussions concerning what can be considered morally right or wrong in the business arena.
|
| 606 |
1 |
|
|a Этика предпринимательства
|2 stltpush
|3 (RuTPU)RU\TPU\subj\21473
|9 46465
|
| 610 |
1 |
|
|a деловая этика
|
| 610 |
1 |
|
|a бизнес
|
| 610 |
1 |
|
|a предпринимательская деятельность
|
| 610 |
1 |
|
|a корпоративная этика
|
| 610 |
1 |
|
|a корпоративное управление
|
| 610 |
1 |
|
|a нормы
|
| 610 |
1 |
|
|a правила
|
| 610 |
1 |
|
|a поведение
|
| 610 |
1 |
|
|a устойчивое развитие
|
| 610 |
1 |
|
|a глобализация
|
| 610 |
1 |
|
|a потребление
|
| 610 |
1 |
|
|a культура
|
| 610 |
1 |
|
|a руководители
|
| 610 |
1 |
|
|a подчиненные
|
| 610 |
1 |
|
|a потребители
|
| 610 |
1 |
|
|a поставщики
|
| 610 |
1 |
|
|a конкурентная политика
|
| 610 |
1 |
|
|a английский язык
|
| 686 |
|
|
|a Ю75
|v LBC/SL-A
|2 rubbk
|
| 700 |
|
1 |
|a Crane
|b A.
|g Andrew
|
| 701 |
|
1 |
|a Matten
|b D.
|g Dirk
|
| 801 |
|
1 |
|a RU
|b 63413507
|c 20120113
|
| 801 |
|
2 |
|a RU
|b 63413507
|c 20120124
|g RCR
|
| 942 |
|
|
|c BK
|